Podpora a ochrana investic
Dvojstranné medzivládne dohody o podpore a ochrane investícií v Českej republike. Úprava podnikateľskej a investorskej činnosti. Dvojstranné medzivládne dohody o podpore a ochrane investícií uzavreté jednotlivými krajinami s Českou republikou.
Gespeichert in:
| 1. Verfasser: | |
|---|---|
| Format: | Buchkapitel |
| Sprache: | Tschechisch |
| Schlagworte: | |
| Tags: |
Keine Tags, Fügen Sie das erste Tag hinzu!
|
MARC
| LEADER | 00000naa a2200000 4500 | ||
|---|---|---|---|
| 001 | r000236 | ||
| 005 | 20221213082821.2 | ||
| 041 | 0 | |a cze | |
| 044 | |a CZ | ||
| 245 | 1 | 0 | |a Podpora a ochrana investic |c J. Junek |
| 520 | |a Dvojstranné medzivládne dohody o podpore a ochrane investícií v Českej republike. Úprava podnikateľskej a investorskej činnosti. Dvojstranné medzivládne dohody o podpore a ochrane investícií uzavreté jednotlivými krajinami s Českou republikou. | ||
| 610 | 2 | 0 | |a investície zahraničné |
| 610 | 2 | 0 | |a dokumenty vládne |
| 610 | 2 | 0 | |a Česko |
| 610 | 2 | 0 | |a investície |
| 610 | 2 | 0 | |a investori |
| 610 | 2 | 0 | |a zmluvy |
| 100 | 1 | |a Junek, J. | |